| Tag |
First Indicator |
Second Indicator |
Subfields |
| LEADER |
00000cam a22000001 4500 |
| 001 |
in00005779917 |
| 005 |
20260428151703.6 |
| 008 |
730716s1966 nyu j 000 1 eng |
| 010 |
|
|
|a 66008669
|
| 040 |
|
|
|a DLC
|b eng
|c DLC
|d AKR
|d SER
|d ORL
|d NZAUC
|d BUF
|d VVW
|d OCLCO
|d OCLCF
|d OCLCQ
|d MNMAB
|d OCLCQ
|d SFR
|d LENOT
|d BRL
|d S#L
|d OCL
|d OCLCO
|d OCL
|d OCLCO
|d OCLCQ
|d OCLCL
|d TXA
|
| 019 |
|
|
|a 1286031
|
| 035 |
|
|
|a (OCoLC)656328
|z (OCoLC)1286031
|
| 042 |
|
|
|a premarc
|
| 050 |
|
4 |
|a PS3554.E445
|b I54 1966
|
| 082 |
0 |
4 |
|a 813.54
|2 21
|1 https://id.oclc.org/worldcat/ddc/E3BpYCcY96rbttBDyJW94FJBKr
|
| 100 |
1 |
|
|a Del Rey, Lester,
|d 1915-1993.
|1 https://id.oclc.org/worldcat/entity/E39PBJwRYJHgMP7PFjGrphhPwC
|
| 245 |
1 |
4 |
|a The infinite worlds of maybe.
|
| 250 |
|
|
|a [1st ed.].
|
| 260 |
|
|
|a New York,
|b Holt, Rinehart and Winston
|c [1966]
|
| 300 |
|
|
|a 192 pages
|c 22 cm
|
| 336 |
|
|
|a text
|b txt
|2 rdacontent
|
| 337 |
|
|
|a unmediated
|b n
|2 rdamedia
|
| 338 |
|
|
|a volume
|b nc
|2 rdacarrier
|
| 520 |
|
|
|a Teenage Bill and his physics professor engage in an adventure based on the premise that for every situation there are two realms of possibility. Grades 7-9.
|
| 650 |
|
0 |
|a Science fiction.
|
| 650 |
|
7 |
|a Science fiction.
|2 fast
|0 (OCoLC)fst01108566
|
| 655 |
|
0 |
|a Children's stories.
|
| 655 |
|
4 |
|a Science fiction.
|
| 655 |
|
7 |
|a Juvenile works.
|2 fast
|0 (OCoLC)fst01411637
|
| 655 |
|
7 |
|a Fiction.
|2 fast
|0 (OCoLC)fst01423787
|
| 655 |
|
7 |
|a Science fiction.
|2 fast
|0 (OCoLC)fst01726489
|
| 655 |
|
7 |
|a Science fiction.
|2 gsafd
|
| 655 |
|
7 |
|a Science fiction.
|2 lcgft
|
| 029 |
1 |
|
|a AU@
|b 000028019626
|
| 029 |
1 |
|
|a NZ1
|b 4848661
|
| 029 |
1 |
|
|a AU@
|b 000070563033
|
| 994 |
|
|
|a Z0
|b TXA
|
| 948 |
|
|
|h HELD BY TXA - 170 OTHER HOLDINGS
|
| 999 |
f |
f |
|i f5ae4012-dfc1-49b8-8c65-81475b9d91b2
|s a0571bdf-bda4-4756-b70a-071fe08ca05b
|t 0
|
| 952 |
f |
f |
|p noncirc
|a Texas A&M University
|b College Station
|c Cushing Memorial Library & Archives
|s cush scif
|d Cushing: Science Fiction (Does not check out)
|t 0
|e PS3554.E445 I54 1966
|h Library of Congress classification
|i unmediated -- volume
|m A1485343583B
|
| 998 |
f |
f |
|a PS3554.E445 I54 1966
|t 0
|l Cushing: Science Fiction (Does not check out)
|